000 00758nam a2200241Ia 4500
003 OSt
005 20230727114457.0
008 210716s2010 xx 000 0 und d
020 _a9788120341265
040 _cAIMIT LIBRARY
041 _aeng
082 _a346.048 SOPV
_22
_bSOPV
100 _aSople, Vinod V.
_9128626
245 _aManaging intellectual property :
_bstrategic imperative /
_cBy Vinod V Sople.
250 _a2nd ed.
260 _aNew Delhi :
_bPHI Learning Pvt Ltd ,
_c2010.
300 _axvii,370p. ;
_bPB
_c23.8
650 _aGeneral Management
_9128627
651 _aIntellectual property system
_9128628
651 _aIP management framework
_9128629
651 _aIndustrial designs
_9128630
942 _2ddc
_cBK
_e2nd
_k346.048 SOPV
999 _c207490
_d207490